header

Civic and moral learning in America (Record no. 200108)

MARC details
000 -LEADER
fixed length control field 01392nam a22003614a 4500
082 04 - DEWEY DECIMAL CLASSIFICATION NUMBER
Classification number 370.11/40973
245 00 - TITLE STATEMENT
Title Civic and moral learning in America
250 ## - EDITION STATEMENT
Edition statement 1st ed.
260 ## - PUBLICATION, DISTRIBUTION, ETC. (IMPRINT)
Place of publication New York :
Name of publisher Palgrave Macmillan,
Year of publication 2006.
300 ## - PHYSICAL DESCRIPTION
Number of Pages viii, 228 p.
650 #0 - SUBJECT ADDED ENTRY--TOPICAL TERM
Topical Term Moral education
Topical Term Character
Topical Term Civics
700 1# - ADDED ENTRY--PERSONAL NAME
Personal name Warren, Donald R.,
Personal name Patrick, John J.,
856 40 - ELECTRONIC LOCATION AND ACCESS
Uniform Resource Identifier http://site.ebrary.com/lib/rucke/Doc?id=10155138

No items available.

© 2026 Rongo University
Contact us: librarian | system librarian | Rongo university